[Event "Aeroflot Open"]
[Site "Moscow RUS"]
[Date "2009.02.19"]
[Round "3"]
[White "Smirnov,P"]
[Black "Mamedyarov,S"]
[Result "0-1"]
[WhiteElo "2579"]
[BlackElo "2724"]
[EventDate "2009.02.17"]

1. e4 c5 2. Nf3 e6 3. d4 cxd4 4. Nxd4 Nc6 5. Nc3 a6 6. Be2 d6 7. O-O Nf6 8.
Be3 Be7 9. f4 O-O 10. a4 Bd7 11. Nb3 Na5 12. e5 Ne8 13. Nxa5 Qxa5 14. Qd2
Rc8 15. Bf3 Qc7 16. a5 dxe5 17. Bb6 Qd6 18. Qxd6 Nxd6 19. fxe5 Nc4 20. Bxb7
Rb8 21. Bxa6 Nxb6 22. axb6 Rxb6 23. Bc4 Rxb2 24. Bb3 Bc5+ 25. Kh1 Bd4 26.
Rad1 Bxc3 27. Rxd7 Bxe5 28. Rfd1 Bf6 29. g3 Rc8 30. Ra7 h5 31. Rdd7 h4 32.
gxh4 Rc3 33. h5 Re3 34. Ra8+ Kh7 35. Rd1 Be5 36. Ra7 Rf3 37. Rad7 Kh6 38.
Re1 Bxh2 39. Rd8 Rh3 40. Rh8+ Kg5 41. h6 Be5+ 42. Kg2 Rhxb3 43. Rxe5+ Kg6
44. Rc5 gxh6 45. Rcc8 Rd3 46. Rhg8+ Kf6 0-1

[Event "Aeroflot Open"]
[Site "Moscow RUS"]
[Date "2009.02.19"]
[Round "3"]
[White "Naiditsch,A"]
[Black "Lysyj,I"]
[Result "1/2-1/2"]
[WhiteElo "2693"]
[BlackElo "2620"]
[EventDate "2009.02.17"]

1. e4 e6 2. d4 d5 3. Nc3 Nf6 4. Bg5 dxe4 5. Nxe4 Be7 6. Bxf6 Bxf6 7. Nf3
O-O 8. Qd2 b6 9. O-O-O Bb7 10. Bd3 Nd7 11. h4 c5 12. Nfg5 Be7 13. dxc5 Qc7
14. Nd6 Nf6 15. c3 bxc5 16. Nxb7 Qxb7 17. Qc2 g6 18. h5 h6 19. Ne4 Nxh5 20.
Be2 Rad8 21. Bxh5 gxh5 22. Qe2 Rxd1+ 23. Rxd1 Rd8 24. Rxd8+ 1/2-1/2

[Event "Aeroflot Open"]
[Site "Moscow RUS"]
[Date "2009.02.19"]
[Round "3"]
[White "Vitiugov,N"]
[Black "Zhou Jianchao"]
[Result "1/2-1/2"]
[WhiteElo "2687"]
[BlackElo "2612"]
[EventDate "2009.02.17"]

1. c4 c6 2. Nf3 d5 3. d4 Nf6 4. Nc3 dxc4 5. a4 Bf5 6. e3 e6 7. Bxc4 Bb4 8.
O-O Nbd7 9. Qe2 O-O 10. e4 Bg6 11. Bd3 Bh5 12. e5 Nd5 13. Nxd5 cxd5 14. Qe3
Be7 15. Ng5 Bg6 16. Be2 Nb8 17. Nh3 Nc6 18. Nf4 Qb6 19. Nxg6 hxg6 20. Rd1
Rfc8 21. Qf4 Na5 22. Rb1 Qb3 23. Bd2 Rc2 24. Qf3 Qxf3 25. Bxf3 Nc4 26. Bc1
Bb4 27. Kf1 Rc8 28. Be2 Nd2+ 29. Bxd2 Rxd2 30. Rxd2 Bxd2 31. Bd3 g5 32. Ke2
Bb4 33. g3 Kf8 34. Rh1 g6 35. Ke3 Ke7 36. h4 Rh8 37. Be2 gxh4 38. gxh4 a6
39. h5 gxh5 40. Rxh5 Rxh5 1/2-1/2

[Event "Aeroflot Open"]
[Site "Moscow RUS"]
[Date "2009.02.19"]
[Round "3"]
[White "Moiseenko,A1"]
[Black "Ghaem Maghami,E"]
[Result "1-0"]
[WhiteElo "2676"]
[BlackElo "2604"]
[EventDate "2009.02.17"]

1. d4 Nf6 2. c4 e6 3. Nf3 c5 4. d5 b5 5. dxe6 fxe6 6. cxb5 a6 7. bxa6 Bxa6
8. g3 Nc6 9. Bh3 Be7 10. O-O O-O 11. Nc3 Rb8 12. Rb1 Kh8 13. Bf4 Rb6 14.
Qd2 d5 15. Rfc1 d4 16. Na4 Ne4 17. Qd1 e5 18. Nxb6 Qxb6 19. Bd2 Nxf2 20.
Kxf2 e4 21. Qb3 Qxb3 22. axb3 exf3 23. exf3 Ne5 24. f4 Nd3+ 25. Kg1 Nxc1
26. Rxc1 Rb8 27. Be6 Rb6 28. Bd5 g6 29. Ba5 Rb5 30. Bc7 Bf6 31. Ra1 Bb7 32.
Bc4 Rb4 33. Ba5 d3 34. Bxb4 cxb4 35. Bxd3 Bxb2 36. Ra5 Bc3 37. Kf1 Bf3 38.
Bc4 h6 39. Bd5 Bd1 40. Ra7 Bc2 1-0

[Event "Aeroflot Open"]
[Site "Moscow RUS"]
[Date "2009.02.19"]
[Round "3"]
[White "Romanov,E"]
[Black "Zvjaginsev,V"]
[Result "1/2-1/2"]
[WhiteElo "2576"]
[BlackElo "2636"]
[EventDate "2009.02.17"]

1. Nf3 g6 2. c4 Bg7 3. d4 Nf6 4. Nc3 O-O 5. e4 d6 6. Be2 e5 7. Be3 exd4 8.
Nxd4 Re8 9. f3 c6 10. Qd2 d5 11. exd5 cxd5 12. O-O Nc6 13. Rad1 dxc4 14.
Nxc6 Qxd2 15. Bxd2 bxc6 16. Bxc4 Be6 17. Bxe6 Rxe6 18. Rfe1 Nd5 19. Rxe6
fxe6 20. Rc1 Rd8 21. Ne4 Bxb2 22. Rxc6 Nf6 23. Nxf6+ Bxf6 24. Be3 Be5 25.
Rxe6 Rd1+ 26. Kf2 Bxh2 27. Re8+ Kf7 28. Ra8 Rb1 29. Rxa7+ Ke6 30. f4 Bg1+
31. Kf3 Bxe3 32. Kxe3 h5 33. Ra6+ Kf5 34. Ra5+ Kf6 35. g3 Rb2 36. Ra6+ Kf5
37. Ra5+ Kf6 38. Ke4 Re2+ 39. Kf3 Rb2 40. a4 Ra2 41. Ke3 Ra3+ 42. Kf2 Ra2+
43. Kg1 Ke6 44. Re5+ Kf6 45. a5 h4 46. gxh4 Ra4 47. Rb5 Rxf4 48. a6 Rxh4
49. Ra5 Rh8 50. Kf2 Ke6 51. Ke3 1/2-1/2

[Event "Aeroflot Open"]
[Site "Moscow RUS"]
[Date "2009.02.19"]
[Round "3"]
[White "Riazantsev,A"]
[Black "Safarli,E"]
[Result "1/2-1/2"]
[WhiteElo "2634"]
[BlackElo "2564"]
[EventDate "2009.02.17"]

1. d4 Nf6 2. c4 g6 3. Nc3 d5 4. Qb3 dxc4 5. Qxc4 Bg7 6. e4 O-O 7. Be2 a6 8.
Be3 b5 9. Qb3 Ng4 10. Bxg4 Bxg4 11. h3 Bc8 12. Nf3 Nc6 13. Rd1 Na5 14. Qc2
f5 15. O-O Nc4 16. Bc1 fxe4 17. Qxe4 Bf5 18. Qe2 Qd6 19. Rfe1 Rae8 20. Ne5
Nxe5 21. dxe5 Qc6 22. Nd5 Be6 23. Qe4 Kh8 24. Nb4 Qxe4 25. Rxe4 Rd8 26.
Rde1 a5 27. Nc6 Rd7 28. Rd4 Rxd4 29. Nxd4 Bxa2 30. Nxb5 Rd8 31. Bg5 h6 32.
Bxe7 1/2-1/2

[Event "Aeroflot Open"]
[Site "Moscow RUS"]
[Date "2009.02.19"]
[Round "3"]
[White "Ehlvest,J"]
[Black "Kazhgaleyev,M"]
[Result "1/2-1/2"]
[WhiteElo "2595"]
[BlackElo "2630"]
[EventDate "2009.02.17"]

1. Nf3 Nf6 2. c4 g6 3. g3 Bg7 4. Bg2 d5 5. cxd5 Nxd5 6. O-O Nb6 7. Nc3 Nc6
8. d3 O-O 9. Be3 e5 10. Qc1 Nd4 11. Bh6 Nxf3+ 12. Bxf3 c6 13. Bxg7 Kxg7 14.
b4 Bh3 15. Rd1 Qe7 16. b5 cxb5 17. Nxb5 Na4 18. Qa3 Qxa3 19. Nxa3 Nc3 20.
Rd2 Rab8 21. Nc4 1/2-1/2

[Event "Aeroflot Open"]
[Site "Moscow RUS"]
[Date "2009.02.19"]
[Round "3"]
[White "Zhigalko,S"]
[Black "Dreev,A"]
[Result "1/2-1/2"]
[WhiteElo "2587"]
[BlackElo "2688"]
[EventDate "2009.02.17"]

1. e4 c5 2. c3 d5 3. exd5 Qxd5 4. d4 Nf6 5. Nf3 e6 6. Be2 Be7 7. O-O O-O 8.
c4 Qd8 9. Nc3 cxd4 10. Nxd4 e5 11. Nc2 Nc6 12. Bg5 Be6 13. Ne3 Nd4 14. Bf3
Qa5 15. a3 Rad8 16. Bxf6 Bxf6 17. Ned5 Qa6 18. Nxf6+ gxf6 19. Bd5 b5 20.
cxb5 Nxb5 21. Qd3 1/2-1/2

[Event "Aeroflot Open"]
[Site "Moscow RUS"]
[Date "2009.02.19"]
[Round "3"]
[White "Maze,S"]
[Black "Sargissian,G"]
[Result "0-1"]
[WhiteElo "2579"]
[BlackElo "2678"]
[EventDate "2009.02.17"]

1. e4 e5 2. Nf3 Nc6 3. Bb5 Nf6 4. O-O Nxe4 5. d4 Nd6 6. Bxc6 dxc6 7. dxe5
Nf5 8. Qxd8+ Kxd8 9. Nc3 h6 10. Rd1+ Ke8 11. h3 Ne7 12. Be3 Ng6 13. a3 Be7
14. Rd2 Be6 15. Re1 Rd8 16. Rxd8+ Kxd8 17. Nd4 Bd7 18. f4 Nh4 19. Bf2 h5
20. e6 fxe6 21. Nxe6+ Bxe6 22. Rxe6 Nf5 23. g3 Bf6 24. Kg2 Kd7 25. Re1 b6
26. Nd1 Nd6 27. b3 a5 28. g4 a4 29. g5 Be7 30. Bd4 Nf5 31. Bb2 Bd6 32. Re4
axb3 33. cxb3 Rf8 34. a4 c5 35. Kf3 Nh4+ 36. Kg3 Ng6 37. Bxg7 Rxf4 38. Rxf4
Bxf4+ 39. Kf3 Bxg5 40. Ke4 Ke6 41. Nb2 Ne7 42. Be5 Nd5 43. a5 bxa5 44. Nc4
Bc1 45. Nxa5 Nf6+ 46. Bxf6 Kxf6 47. h4 Bb2 48. Nc4 Bd4 49. Nd2 Ke6 50. Nf3
Bf2 51. Ne5 Bxh4 52. Nd3 Kd6 53. Nf4 Bg3 54. Nxh5 Be5 0-1

[Event "Aeroflot Open"]
[Site "Moscow RUS"]
[Date "2009.02.19"]
[Round "3"]
[White "Zhigalko,A"]
[Black "Onischuk,Al"]
[Result "1-0"]
[WhiteElo "2572"]
[BlackElo "2659"]
[EventDate "2009.02.17"]

1. d4 Nf6 2. c4 e6 3. Nc3 Bb4 4. Qc2 O-O 5. Nf3 b6 6. e4 Bb7 7. Bd3 h6 8.
e5 Ne8 9. Be3 d5 10. O-O-O Bxc3 11. bxc3 dxc4 12. Bxc4 Qe7 13. Qd3 Nc6 14.
Bb3 Na5 15. Bc2 f5 16. exf6 Nxf6 17. Qg6 Qa3+ 18. Kd2 Nc4+ 19. Ke2 Ba6 20.
Bc1 Nd6+ 21. Kd2 Qxa2 22. Rde1 Bc4 23. Kd1 Nb5 24. Bxh6 Qa1+ 25. Kd2 Qxc3+
26. Kc1 Qa1+ 27. Kd2 Qc3+ 28. Kc1 Rf7 29. Re3 Qa1+ 30. Kd2 Qa5+ 31. Kc1
Qa1+ 32. Kd2 Qa5+ 33. Kc1 Raf8 34. Rd1 Qa1+ 35. Kd2 Qa5+ 36. Kc1 Nc3 37.
Ne5 Nxd1 38. Rg3 Qa1+ 39. Bb1 Bd3 40. Qxd3 Nxf2 41. Qg6 1-0

[Event "Aeroflot Open"]
[Site "Moscow RUS"]
[Date "2009.02.19"]
[Round "3"]
[White "Shomoev,A"]
[Black "Amonatov,F"]
[Result "1/2-1/2"]
[WhiteElo "2567"]
[BlackElo "2647"]
[EventDate "2009.02.17"]

1. d4 d5 2. c4 c6 3. Nf3 Nf6 4. Nc3 dxc4 5. a4 Bf5 6. Ne5 Na6 7. e3 Nb4 8.
Bxc4 e6 9. O-O Bd6 10. Qe2 Nc2 11. Rb1 Bxe5 12. dxe5 Ng4 13. Bb3 Qd3 14. e4
Qxe2 15. Nxe2 Bxe4 16. f3 Nce3 17. Bxe3 Nxe3 18. fxe4 Nxf1 19. Kxf1 O-O-O
20. Ke1 Rd7 21. Rd1 Rhd8 22. Rxd7 Rxd7 23. Nf4 Rd4 24. Bc2 g6 25. Ke2 Kc7
26. Ke3 Rc4 27. Kd2 b5 28. b3 Rd4+ 29. Kc3 Rd8 30. b4 bxa4 31. Bxa4 Ra8 32.
Nh3 h6 33. Nf2 a5 34. Ng4 axb4+ 35. Kxb4 h5 36. Nf6 Rb8+ 37. Kc3 Rb1 38.
Kd2 Rg1 39. g3 Rg2+ 40. Ke3 Rxh2 41. Ne8+ Kd7 42. Nf6+ Kc7 43. Ne8+ Kb6 44.
Nd6 Rg2 45. Kf3 Ra2 46. Bd1 Ra3+ 47. Kf4 Ra1 48. Be2 Ra2 49. Ke3 Ra3+ 50.
Kf4 Ra2 51. Ke3 Kc7 52. Nxf7 Ra3+ 53. Kf4 Ra2 54. Ke3 Ra3+ 55. Kf4 Kd7 56.
Ng5 Ra4 57. Bf1 Ra8 58. Bc4 Re8 59. Ke3 Re7 60. Kd4 Re8 61. Kc5 Ra8 62.
Nxe6 Re8 63. Nf4 Rxe5+ 64. Kd4 Rg5 65. Bf7 c5+ 66. Kc4 Rxg3 67. Bxg6 Kd6
68. Bxh5 Ke5 69. Nd3+ Kxe4 70. Nxc5+ Ke5 1/2-1/2

[Event "Aeroflot Open"]
[Site "Moscow RUS"]
[Date "2009.02.19"]
[Round "3"]
[White "Bareev,E"]
[Black "Khairullin,I"]
[Result "1/2-1/2"]
[WhiteElo "2645"]
[BlackElo "2574"]
[EventDate "2009.02.17"]

1. d4 Nf6 2. c4 e6 3. Nf3 d5 4. Nc3 dxc4 5. e4 Bb4 6. Bg5 c5 7. Bxc4 cxd4
8. Nxd4 Bxc3+ 9. bxc3 Qa5 10. Bb5+ Bd7 11. Bxf6 gxf6 12. Bxd7+ Nxd7 13. O-O
a6 14. Rb1 Qc7 15. Qh5 Nc5 16. Rbe1 O-O-O 17. Re3 Kb8 18. g3 Ka8 19. Rb1
Qe7 20. Nb3 Rc8 21. Kg2 Nd7 22. Rd1 Ne5 23. Rd4 Rc7 24. Nd2 Qa3 25. Nf3 Ng6
26. Qh6 Qxa2 1/2-1/2

[Event "Aeroflot Open"]
[Site "Moscow RUS"]
[Date "2009.02.19"]
[Round "3"]
[White "Andriasian,Z"]
[Black "Mamedov,Rau"]
[Result "1/2-1/2"]
[WhiteElo "2564"]
[BlackElo "2638"]
[EventDate "2009.02.17"]

1. e4 c5 2. Nf3 d6 3. d4 Nf6 4. Nc3 cxd4 5. Nxd4 Nc6 6. Bg5 e6 7. Qd2 Be7
8. O-O-O a6 9. f4 Nxd4 10. Qxd4 b5 11. e5 dxe5 12. Qxe5 Qb6 13. Bd3 Bb7 14.
f5 O-O-O 15. fxe6 Ng4 16. Qf5 Bxg5+ 17. Qxg5 Qe3+ 18. Qxe3 Nxe3 19. Rd2
fxe6 20. Rg1 Nd5 21. Nxd5 Bxd5 22. Re1 Kc7 23. b3 h6 24. c4 bxc4 25. bxc4
Bxg2 26. Rxg2 Rxd3 27. Rxe6 g5 28. Rxa6 Rc3+ 29. Rc2 Rxc2+ 30. Kxc2 h5 31.
Rg6 Rf8 32. Rxg5 Rf2+ 33. Kb3 Rxh2 34. a4 h4 35. Rh5 Rh1 36. Kb4 h3 37. Kc5
h2 38. Rh7+ Kb8 39. a5 Ka8 40. a6 Kb8 41. Rb7+ Kc8 42. Rh7 Kb8 1/2-1/2

[Event "Aeroflot Open"]
[Site "Moscow RUS"]
[Date "2009.02.19"]
[Round "3"]
[White "Kotsur,P"]
[Black "Nepomniachtchi,I"]
[Result "1/2-1/2"]
[WhiteElo "2563"]
[BlackElo "2628"]
[EventDate "2009.02.17"]

1. Nf3 d5 2. d4 Nf6 3. c4 c6 4. e3 e6 5. Bd3 Nbd7 6. O-O Ne4 7. b3 f5 8.
Qc2 Qf6 9. Ba3 Bxa3 10. Nxa3 O-O 11. b4 b6 12. Qb3 a5 13. Nc2 axb4 14. Nxb4
Bb7 15. Be2 Kh8 16. cxd5 exd5 17. Rac1 Qd6 18. Rfd1 Rac8 19. Nd3 Ba6 20.
Nf4 Bxe2 21. Nxe2 b5 22. a4 bxa4 23. Qxa4 Nb6 24. Qc2 Nc4 25. Nf4 Qe7 26.
Nd3 Ned6 27. Qa4 Ne4 28. Nfe5 Nxe5 29. Nxe5 c5 30. Qd7 Qh4 31. Rf1 Qf6 32.
Qxd5 Rcd8 33. Qc6 cxd4 34. Qxf6 gxf6 35. Nc6 dxe3 36. fxe3 Rd2 37. Ne7 Re2
38. Rce1 Rxe1 39. Rxe1 Nd6 40. Rd1 Re8 41. Nd5 Ne4 42. h3 Kg7 43. Rc1 Rd8
44. Nf4 Kh6 45. Kh2 Ra8 46. Rf1 Ra3 47. Nd5 Nd6 48. Rf3 Kg7 49. Ne7 1/2-1/2

[Event "Aeroflot Open"]
[Site "Moscow RUS"]
[Date "2009.02.19"]
[Round "3"]
[White "So,W"]
[Black "Kosintseva,T"]
[Result "1-0"]
[WhiteElo "2627"]
[BlackElo "2497"]
[EventDate "2009.02.17"]

1. e4 e5 2. Nf3 Nc6 3. Bb5 a6 4. Ba4 Nf6 5. O-O Be7 6. Re1 b5 7. Bb3 d6 8.
c3 O-O 9. h3 Bb7 10. d4 Re8 11. Nbd2 Bf8 12. d5 Nb8 13. Nf1 Nbd7 14. N3h2
Nc5 15. Bc2 c6 16. b4 Ncd7 17. dxc6 Bxc6 18. Bg5 Qc7 19. Qd3 Qb7 20. Ng3 h6
21. Bxf6 Nxf6 22. Ng4 Nxg4 23. hxg4 g6 24. Bb3 a5 25. Rad1 Ra6 26. bxa5
Rxa5 27. Qf3 Kg7 28. Rd3 Ra7 29. g5 Qe7 30. Nh5+ gxh5 31. Qxh5 Kh8 32. Rg3
Bd7 33. Ree3 Be6 34. Ref3 Bxb3 35. axb3 Bg7 36. gxh6 Bf6 37. Qf5 d5 38.
Qxf6+ Qxf6 39. Rxf6 dxe4 40. Rb6 Ra1+ 41. Kh2 Rf1 42. Rf6 Re6 43. Rxe6 fxe6
44. Re3 Rxf2 45. Rxe4 Rc2 46. Re3 Kh7 47. Rh3 e4 48. b4 Rd2 49. Kg1 e5 50.
Kf1 Rd6 51. Ke2 Rg6 52. Ke3 Rxg2 53. Kxe4 Rg5 54. Kd5 Rf5 55. Ke6 1-0

[Event "Aeroflot Open"]
[Site "Moscow RUS"]
[Date "2009.02.19"]
[Round "3"]
[White "Melkumyan,H"]
[Black "Volkov,Sergey1"]
[Result "1-0"]
[WhiteElo "2519"]
[BlackElo "2627"]
[EventDate "2009.02.17"]

1. d4 d5 2. c4 c6 3. Nc3 Nf6 4. Nf3 a6 5. cxd5 cxd5 6. Bf4 Nc6 7. Rc1 Bf5
8. Ne5 Rc8 9. f3 g6 10. g4 Be6 11. h4 h6 12. e3 Bg7 13. Nd3 Nd7 14. Na4 O-O
15. a3 Na5 16. Ndc5 Nxc5 17. Nxc5 Qb6 18. b3 Rfd8 19. Bd3 Rc6 20. O-O Bc8
21. Qc2 e5 22. dxe5 Qa7 23. b4 b6 24. Qa4 Qa8 25. e4 d4 26. e6 fxe6 27. e5
bxc5 28. Qxa5 Rf8 29. b5 Rxf4 30. bxc6 Qxc6 31. Rxc5 Qe8 32. Qd2 Rf8 33.
Be4 Qe7 34. Rfc1 Bd7 35. Qxd4 Bb5 36. a4 Be8 37. Qf2 Bxa4 38. Bxg6 Qb7 39.
Be4 Qb4 40. R5c4 Qb3 41. Bc2 Qa3 42. Kg2 Bb5 43. Rc3 Qe7 44. Qe3 Qxh4 45.
Qe4 Rd8 46. Bd3 h5 47. Bxb5 hxg4 48. fxg4 axb5 49. Rc8 Qg5 50. Kf3 Qh4 51.
Rxd8+ Qxd8 52. Ra1 Qf8+ 53. Kg3 Qc5 54. Re1 b4 55. Re3 Qc1 56. Kh4 Qd2 57.
Re2 Qh6+ 58. Kg3 Qc1 59. Rc2 Bxe5+ 60. Kg2 Qg5 61. Re2 Bf6 62. Qxe6+ Kg7
63. Qd7+ Kg6 64. Re8 Kh6 65. Re1 Kg6 66. Rh1 Be7 67. Rh5 Qf6 68. Qd3+ Kg7
69. Qh7+ Kf8 70. Rf5 1-0

[Event "Aeroflot Open"]
[Site "Moscow RUS"]
[Date "2009.02.19"]
[Round "3"]
[White "Dyachkov,S"]
[Black "Pashikian,A"]
[Result "1/2-1/2"]
[WhiteElo "2553"]
[BlackElo "2621"]
[EventDate "2009.02.17"]

1. Nf3 d5 2. c4 c6 3. e3 Nf6 4. Nc3 e6 5. d4 Nbd7 6. Bd3 dxc4 7. Bxc4 b5 8.
Be2 Bb7 9. O-O Be7 10. a3 a5 11. Qc2 O-O 12. Rd1 Qb8 13. e4 b4 14. Na4 c5
15. e5 Be4 16. Bd3 Bxd3 17. Qxd3 Nd5 18. Bg5 cxd4 19. Bxe7 Nxe7 20. Qxd4
Nd5 21. Rac1 Rc8 22. Nc5 Nxc5 23. Rxc5 bxa3 24. Rxc8+ Qxc8 25. bxa3 Qc2 26.
Qd3 Rc8 27. g3 h6 28. Qxc2 Rxc2 29. Rd3 g5 30. Nd4 Rc4 31. Kg2 g4 32. Nb3
a4 33. Nd2 Rc2 34. h3 gxh3+ 1/2-1/2

[Event "Aeroflot Open"]
[Site "Moscow RUS"]
[Date "2009.02.19"]
[Round "3"]
[White "Vazquez Igarza,R"]
[Black "Predojevic,B"]
[Result "1/2-1/2"]
[WhiteElo "2558"]
[BlackElo "2650"]
[EventDate "2009.02.17"]

1. d4 Nf6 2. Nf3 e6 3. c4 Bb4+ 4. Nc3 b6 5. Qc2 Bb7 6. Bg5 O-O 7. e3 c5 8.
dxc5 bxc5 9. Be2 d6 10. Rd1 Qe7 11. a3 Bxc3+ 12. Qxc3 a5 13. O-O Rd8 14.
Qc2 Nbd7 15. Nd2 h6 16. Bf4 g5 17. Bg3 a4 18. Nb1 Ne4 19. Nc3 Nxc3 20. Qxc3
Ra6 21. Rd2 f5 22. f3 e5 23. Bd1 Rf8 24. Bc2 Qg7 25. f4 gxf4 26. exf4 e4
27. Qxg7+ Kxg7 28. Rfd1 Rf6 29. Bh4 Re6 30. g4 Rg6 31. h3 h5 32. Bg5 hxg4
33. hxg4 fxg4 34. Kf2 Nf8 35. Kg3 Nh7 36. Bd8 Rh6 37. Kxg4 d5 38. cxd5
Rag6+ 39. Kf5 e3 40. Re2 Rh5+ 41. Ke4 Re6+ 42. Kd3 Rxd5+ 43. Kc3 Rxd1 44.
Bxd1 Rd6 45. Bxa4 Rxd8 46. Rxe3 Kf8 47. Rh3 Kg7 48. Re3 Kf8 49. Rh3 Kg7
1/2-1/2

[Event "Aeroflot Open"]
[Site "Moscow RUS"]
[Date "2009.02.19"]
[Round "3"]
[White "Bocharov,D"]
[Black "Zhou Weiqi"]
[Result "1/2-1/2"]
[WhiteElo "2647"]
[BlackElo "2542"]
[EventDate "2009.02.17"]

1. d4 Nf6 2. c4 e6 3. Nc3 Bb4 4. Qc2 d5 5. cxd5 exd5 6. Bg5 c5 7. dxc5 h6
8. Bh4 g5 9. Bg3 Ne4 10. Bxb8 Bxc3+ 11. bxc3 Rxb8 12. Qa4+ Bd7 13. Qd4 O-O
14. f3 Nf6 15. g4 Re8 16. h4 Qe7 17. hxg5 hxg5 18. Nh3 Qe5 19. Nf2 Bb5 20.
Qxe5 Rxe5 21. Kd2 Rbe8 22. Nd3 Re3 23. Rh2 Bxd3 24. exd3 Rxf3 25. Be2 Rf4
26. Rb1 Ra4 27. Rb2 b6 28. Bd1 Ra3 29. cxb6 axb6 30. Rf2 Kg7 31. Rf5 Kg6
32. Bf3 Ra5 33. c4 dxc4 34. Rxa5 bxa5 35. dxc4 Ne4+ 36. Kd3 Nc5+ 37. Kd4
Ne6+ 38. Ke5 Nf4+ 39. Kd4 Ne6+ 40. Kc3 Rh8 41. Be4+ Kf6 42. Rb5 Rh3+ 43.
Kb2 a4 44. Ra5 Rg3 45. Bf5 Nd4 46. Rxa4 Nxf5 47. Ra6+ Ke5 48. Ra5+ Kd4 49.
Rxf5 Kxc4 50. Rxg5 f5 51. Rxf5 Rxg4 1/2-1/2

[Event "Aeroflot Open"]
[Site "Moscow RUS"]
[Date "2009.02.19"]
[Round "3"]
[White "Li Chao2"]
[Black "Ragger,M"]
[Result "1-0"]
[WhiteElo "2628"]
[BlackElo "2540"]
[EventDate "2009.02.17"]

1. e4 e5 2. Nf3 Nc6 3. Bb5 a6 4. Ba4 Nf6 5. O-O Be7 6. Re1 b5 7. Bb3 d6 8.
c3 O-O 9. d4 Bg4 10. Be3 exd4 11. cxd4 Na5 12. Bc2 Nc4 13. Bc1 c5 14. b3
Nb6 15. Nbd2 cxd4 16. h3 Bh5 17. Bb2 Rc8 18. Qb1 Nfd7 19. Nxd4 Bf6 20. Nf1
Bg6 21. Ne3 d5 22. exd5 Bxc2 23. Ndxc2 Bxb2 24. Qxb2 Nf6 25. d6 Qd7 26.
Rad1 a5 27. Nd4 Rc5 28. Nf3 Nbd5 29. Nxd5 Rxd5 30. Rxd5 Nxd5 31. Qe5 Nb4
32. Nd4 Rd8 33. Qe7 g6 34. Nxb5 Nxa2 35. Qf6 Rf8 36. Nc7 Nb4 37. Re7 Qc6
38. Ne6 1-0

[Event "Aeroflot Open"]
[Site "Moscow RUS"]
[Date "2009.02.19"]
[Round "3"]
[White "Kosintseva,N"]
[Black "Chuprov,D"]
[Result "0-1"]
[WhiteElo "2486"]
[BlackElo "2571"]
[EventDate "2009.02.17"]

1. e4 e5 2. Nf3 Nc6 3. Bb5 Nf6 4. d3 d6 5. O-O Be7 6. c3 O-O 7. Re1 a6 8.
Ba4 b5 9. Bc2 Re8 10. Nbd2 Bf8 11. Nf1 Ne7 12. a4 Rb8 13. axb5 axb5 14. d4
Ng6 15. h3 Bb7 16. Ng3 h6 17. Bd3 c6 18. Qc2 Qc7 19. Bd2 Ra8 20. dxe5 Nxe5
21. Nxe5 dxe5 22. c4 Qd7 23. Rad1 Red8 24. Bf1 Qe8 25. Be3 Rdc8 26. Ra1
Rxa1 27. Rxa1 Ra8 28. Rc1 Bc8 29. Bd3 Be6 30. Qe2 Rb8 31. Rc2 Qd7 32. cxb5
cxb5 33. Bc5 b4 34. Bxf8 Kxf8 35. Bc4 g6 36. b3 Kg7 37. Nf1 Ra8 38. Nd2 Nh5
39. Bxe6 Qxe6 40. Kh2 Rd8 41. g3 Nf6 42. Rc4 Qd6 43. Nf1 Qa6 44. Qc2 Qa1
45. Ne3 Rd4 46. Kg2 Nxe4 47. Rxd4 Qxd4 48. Qc6 Nc3 49. Ng4 e4 50. Qc7 Nd5
51. Qc1 h5 52. Nh2 Qd3 53. Qa1+ Nc3 54. Qa5 Qd4 55. Nf1 Nd5 56. h4 Qd3 57.
Qa1+ Kh7 58. Qe5 Qf3+ 59. Kg1 Nc3 60. Ne3 Ne2+ 61. Kf1 Nc1 62. Kg1 Nd3 63.
Qd4 Qxf2+ 64. Kh1 Qxg3 0-1

[Event "Aeroflot Open"]
[Site "Moscow RUS"]
[Date "2009.02.19"]
[Round "3"]
[White "Ajrapetjan,Y"]
[Black "Chadaev,N"]
[Result "1/2-1/2"]
[WhiteElo "2490"]
[BlackElo "2568"]
[EventDate "2009.02.17"]

1. d4 d5 2. c4 c6 3. Nf3 Nf6 4. Nc3 dxc4 5. a4 Bf5 6. e3 e6 7. Bxc4 Bb4 8.
O-O O-O 9. Qe2 Bg6 10. Ne5 Nbd7 11. Nxg6 hxg6 12. Na2 Bd6 13. b4 a5 14.
bxa5 Rxa5 15. Bb3 Rh5 16. f4 c5 17. Ba3 Qe7 18. Nc3 cxd4 19. Bxd6 Qxd6 20.
Nb5 Qe7 21. exd4 Nb8 22. Qd2 Rd8 23. Bd1 Rhd5 24. Bf3 R5d7 25. Rac1 Nd5 26.
Rc2 Nc6 27. Rfc1 Qf6 28. Rc5 Qxf4 29. Qxf4 Nxf4 30. Rb1 Nd5 31. Kf2 Nce7
32. Rc2 Ra8 33. Ra1 Kf8 34. Rc5 Rad8 35. Rac1 Nc6 36. Rb1 Nde7 37. Nc3 Ra8
38. d5 exd5 39. Bxd5 Nxd5 40. Rxd5 Rxd5 41. Nxd5 Rxa4 42. Rxb7 f6 43. h3
Rd4 44. Ne3 Ne5 45. Ra7 Kg8 46. Rc7 Kh7 47. Re7 Nd3+ 48. Ke2 Ne5 49. Kf2
Rf4+ 50. Kg3 Ra4 51. Ng4 Nxg4 52. hxg4 Kh6 53. Rb7 f5 54. gxf5 gxf5 55. Rc7
g5 56. Rc8 Ra3+ 57. Kh2 Kh5 58. Rb8 f4 59. Rh8+ Kg4 60. Rb8 Re3 61. Rb5 Re2
62. Kg1 Kh4 63. Rf5 Ra2 64. Kh1 Ra4 65. Kh2 Kh5 66. Rb5 Re4 67. Rb8 g4 68.
Rh8+ Kg5 69. Rg8+ Kf5 70. Rf8+ Kg5 71. Rg8+ Kf5 72. Rf8+ Ke5 73. Rg8 g3+
74. Kh3 Kd4 75. Ra8 Ke3 76. Ra3+ Kf2 77. Ra2+ Re2 78. Ra3 Kf1 79. Ra1+ Re1
80. Ra3 Kg1 81. Rb3 Re8 82. Rb1+ Kf2 83. Rb2+ Ke3 84. Rb3+ Ke4 85. Rb4+ Kf5
86. Rb5+ Re5 87. Rb8 1/2-1/2

[Event "Aeroflot Open"]
[Site "Moscow RUS"]
[Date "2009.02.19"]
[Round "3"]
[White "Grigoryan,Av"]
[Black "Salem,AR"]
[Result "1-0"]
[WhiteElo "2506"]
[BlackElo "2473"]
[EventDate "2009.02.17"]

1. Nf3 Nf6 2. c4 g6 3. Nc3 Bg7 4. e4 d6 5. d4 O-O 6. Be2 e5 7. dxe5 dxe5 8.
Qxd8 Rxd8 9. Bg5 Na6 10. Nd5 Rd6 11. Nxf6+ Bxf6 12. Bxf6 Rxf6 13. Nxe5 Re6
14. f4 Nc5 15. O-O-O f6 16. Ng4 Nxe4 17. Bf3 Kg7 18. Rd8 h5 19. Ne3 Nd6 20.
c5 Nf7 21. Rd3 Rb8 22. Rhd1 Re8 23. Rc3 Nh6 24. c6 bxc6 25. Bxc6 Re7 26.
Bf3 c6 27. Rd6 Nf5 28. Nxf5+ Bxf5 29. Rcxc6 Re1+ 30. Rd1 Re7 31. b3 a5 32.
Rd4 Re1+ 33. Kb2 Rf1 34. Ka3 Rf2 35. Rcd6 h4 36. Rd2 Rf1 37. Rd1 Rxd1 38.
Bxd1 Be4 39. Rd2 Bc6 40. Rc2 Be4 41. Rc7+ Kh6 42. g3 h3 43. Bg4 Bg2 44. Rc8
Rb7 45. Ka4 Kg7 46. Rc2 f5 47. Be2 Ra7 48. Kb5 Ra8 49. Bc4 Rd8 50. Kxa5 Rd1
51. a4 Be4 52. Re2 Rg1 53. Kb4 Rg2 54. Kc3 Bf3 55. Rd2 Rg1 56. a5 1-0

[Event "Aeroflot Open"]
[Site "Moscow RUS"]
[Date "2009.02.20"]
[Round "4"]
[White "Moiseenko,A1"]
[Black "Kurnosov,I"]
[Result "1/2-1/2"]
[WhiteElo "2676"]
[BlackElo "2602"]
[EventDate "2009.02.17"]

1. d4 Nf6 2. c4 g6 3. Nc3 d5 4. Bg5 Ne4 5. Bh4 Nxc3 6. bxc3 dxc4 7. e3 Be6
8. Nf3 Bg7 9. Be2 O-O 10. O-O c5 11. Rb1 cxd4 12. Nxd4 Bd5 13. Qc2 Qd7 14.
e4 Bc6 15. Bxc4 Bxd4 16. cxd4 Qxd4 17. Rbd1 Qxe4 18. Qxe4 Bxe4 19. Rfe1 Bf5
20. Bxe7 Re8 21. f3 Nc6 22. Bf6 Rxe1+ 23. Rxe1 Be6 24. Bxe6 Re8 25. Bxf7+
Kxf7 1/2-1/2

[Event "Aeroflot Open"]
[Site "Moscow RUS"]
[Date "2009.02.20"]
[Round "4"]
[White "Mamedyarov,S"]
[Black "Tomashevsky,E"]
[Result "1/2-1/2"]
[WhiteElo "2724"]
[BlackElo "2664"]
[EventDate "2009.02.17"]

1. e4 e5 2. Nf3 Nc6 3. Bc4 Nf6 4. Ng5 d5 5. exd5 Na5 6. Bb5+ c6 7. dxc6
bxc6 8. Qf3 Be7 9. Bxc6+ Nxc6 10. Qxc6+ Bd7 11. Qf3 O-O 12. Nc3 Rc8 13. d3
Bc6 14. Qh3 Bd7 15. Qg3 Nh5 16. Qxe5 Bf6 17. Qd5 Rxc3 18. Ne4 Rxc2 19. Qxh5
Bxb2 20. Bxb2 Rxb2 21. O-O Be6 22. Qe5 Rxa2 23. Rxa2 Bxa2 24. Qa1 Qxd3 25.
Qxa2 Qxe4 26. Qxa7 1/2-1/2

[Event "Aeroflot Open"]
[Site "Moscow RUS"]
[Date "2009.02.20"]
[Round "4"]
[White "Naiditsch,A"]
[Black "Grachev,B"]
[Result "1/2-1/2"]
[WhiteElo "2693"]
[BlackElo "2655"]
[EventDate "2009.02.17"]

1. e4 c5 2. Nf3 e6 3. d4 cxd4 4. Nxd4 Nc6 5. Nc3 Qc7 6. Be2 Nf6 7. Be3 Be7
8. f4 d6 9. Qd2 a6 10. O-O-O Bd7 11. g4 Nxd4 12. Qxd4 e5 13. Qd3 Bc6 14. g5
Nd7 15. f5 b5 16. Kb1 Qb7 17. h4 O-O-O 18. Nd5 Bxd5 19. Qxd5 Qxd5 20. Rxd5
Nc5 21. Bxc5 dxc5 22. Rxe5 Bd6 23. Rd5 Rhe8 24. Bh5 Rxe4 25. Bxf7 Kc7 26.
c3 Rg4 27. Be6 Rg2 28. b4 cxb4 29. cxb4 Bf4 30. Rf1 Rxd5 31. Bxd5 Rg4 32.
f6 gxf6 33. gxf6 Bd6 34. a3 Rxh4 35. Rg1 Rf4 36. Rg7+ Kd8 37. Rf7 Be5 38.
Rf8+ Kd7 39. f7 h5 40. Re8 Bd6 41. Be6+ Kc7 42. Rc8+ Kb7 43. Rc2 h4 44.
Bd5+ Kb8 45. Rc6 Bf8 46. Rxa6 Kc7 47. Ra8 Be7 48. Rh8 Kd6 49. Bb3 Rf1+ 50.
Kc2 Rf2+ 51. Kd1 Rf3 52. Rh6+ Kc7 53. Rh7 Kd6 54. Rh6+ 1/2-1/2